[Event "Sparkassen-Open B"]
[Site "Heusenstamm, Martinsee"]
[Date "2016.11.27"]
[Round "5.3"]
[White "Burow, Roger"]
[Black "Peteani, Damien"]
[Result "1-0"]
[WhiteElo "1610"]
[BlackElo "1679"]
[PlyCount "65"]
[EventDate "2016.??.??"]
[WhiteTeam "SV Kelsterbach"]
[BlackTeam "SV Groß-Gerau"]

1. e4 e6 2. Nf3 d5 3. exd5 exd5 4. d4 Bd6 5. c4 dxc4 6. Bxc4 Ne7 7. O-O O-O 8.
Bg5 Bf5 9. Nc3 Qd7 10. Re1 Ng6 11. Qb3 c6 12. Ne4 Bxe4 13. Rxe4 h6 14. Bd2 b5
15. Bd3 Na6 16. a4 Nc7 17. axb5 Nxb5 18. Rae1 Kh8 19. Ne5 Nxe5 20. dxe5 Bc5 21.
Be3 Bxe3 22. R4xe3 Nd4 23. Qc3 Rab8 24. Bc4 Nb5 25. Qc1 Nd4 26. Rh3 Qf5 27. Bd3
Qe6 28. f4 Rfd8 29. Rf1 Qg4 30. Kh1 Ne2 31. Qxc6 Nxf4 32. Rxh6+ gxh6 33. Qxh6+
1-0

[Event "Sparkassen-Open B"]
[Site "Heusenstamm, Martinsee"]
[Date "2016.11.27"]
[Round "5.4"]
[White "Renger, Jürgen"]
[Black "Mehl, Ulrich"]
[Result "1/2-1/2"]
[WhiteElo "1628"]
[BlackElo "1556"]
[PlyCount "63"]
[EventDate "2016.??.??"]
[WhiteTeam "Sges Bensheim"]
[BlackTeam "FV Berkersheim"]

1. d4 d5 2. c4 e6 3. Nf3 Nf6 4. cxd5 exd5 5. Bg5 Be7 6. Qc2 O-O 7. Nc3 c6 8. e3
Bg4 9. Ne5 Bh5 10. Bd3 Bg6 11. Nxg6 fxg6 12. Qb3 Qb6 13. Qc2 Nbd7 14. O-O Rae8
15. Rae1 Ng4 16. Bxe7 Rxe7 17. Qe2 Ndf6 18. h3 Nh6 19. g4 Nf7 20. f4 Nd6 21. f5
gxf5 22. Bxf5 Nxf5 23. Rxf5 Rfe8 24. Qf2 Qd8 25. g5 Ne4 26. Nxe4 Rxe4 27. h4
Qe7 28. Rf1 Rxe3 29. Rf7 Qd6 30. Rxb7 Rg3+ 31. Kh1 Rh3+ 32. Kg1 1/2-1/2

[Event "Sparkassen-Open B"]
[Site "Heusenstamm, Martinsee"]
[Date "2016.11.27"]
[Round "5.5"]
[White "Bayer, Martin"]
[Black "Hagner, Bennet"]
[Result "1/2-1/2"]
[WhiteElo "1765"]
[BlackElo "1543"]
[PlyCount "80"]
[EventDate "2016.??.??"]
[WhiteTeam "SK Gründau"]
[BlackTeam "Frankfurter TV"]

1. Nf3 Nf6 2. g3 g6 3. d4 Bg7 4. Bg2 d6 5. c4 Bf5 6. Nc3 Nbd7 7. O-O O-O 8. Re1
c5 9. e4 Bg4 10. Be3 b6 11. Qd2 Rc8 12. d5 Bxf3 13. Bxf3 Ne5 14. Be2 Qd7 15.
Bh6 Qh3 16. Bxg7 Kxg7 17. f4 Nfg4 18. Bxg4 Nxg4 19. Qg2 Qxg2+ 20. Kxg2 Rfe8 21.
e5 f6 22. exd6 exd6 23. b3 Ne3+ 24. Kf2 Nc2 25. Rxe8 Rxe8 26. Rc1 Nd4 27. h3
Kf7 28. Re1 a6 29. Ne4 Rd8 30. g4 h6 31. h4 f5 32. gxf5 gxf5 33. Nc3 Re8 34.
Rg1 b5 35. Ra1 b4 36. Na4 Re2+ 37. Kg3 Re3+ 38. Kg2 Re2+ 39. Kg3 Re3+ 40. Kg2
Re2+ 1/2-1/2

[Event "Sparkassen-Open B"]
[Site "Heusenstamm, Martinsee"]
[Date "2016.11.27"]
[Round "5.6"]
[White "Mainka, Walter"]
[Black "Krastev, Ivan"]
[Result "1-0"]
[WhiteElo "1601"]
[BlackElo "1732"]
[PlyCount "99"]
[EventDate "2016.??.??"]
[WhiteTeam "SG Wächtersbach"]
[BlackTeam "Biebertaler SF"]

1. d4 Nf6 2. c4 c5 3. e3 cxd4 4. exd4 d5 5. c5 g6 6. Nf3 Nc6 7. Be2 Bg4 8. Be3
Bg7 9. Nc3 O-O 10. O-O Bf5 11. a3 Ne4 12. Rc1 Nxc3 13. Rxc3 Rc8 14. b4 e5 15.
Qd2 e4 16. Ne1 Be6 17. g3 Bh3 18. Ng2 Bxg2 19. Kxg2 f5 20. Rd1 a6 21. Bg5 Bf6
22. Bxf6 Qxf6 23. b5 axb5 24. Bxb5 g5 25. Bxc6 bxc6 26. f4 g4 27. Kf2 Ra8 28.
Ke3 Rfb8 29. Qc2 Qd8 30. Rb3 Qa5 31. Ra1 h5 32. Qb2 Qd8 33. Rb6 h4 34. a4 Rc8
35. a5 Ra7 36. a6 h3 37. Ra3 Qd7 38. Rab3 Rcc7 39. Qa3 Kf7 40. Qa4 Ke6 41. Rb8
Rc8 42. Qa5 Qc7 43. R8b6 Rca8 44. Qa4 Rc8 45. Rb7 Rxb7 46. Rxb7 Qd8 47. Qb4 Rc7
48. Qb6 Kd7 49. Rb8 Rc8 50. a7 1-0

[Event "Sparkassen-Open B"]
[Site "Heusenstamm, Martinsee"]
[Date "2016.11.27"]
[Round "5.7"]
[White "Lietzau, Olaf"]
[Black "Goodwin, David"]
[Result "1-0"]
[WhiteElo "1728"]
[BlackElo "1529"]
[PlyCount "75"]
[EventDate "2016.??.??"]
[WhiteTeam "SC Obertshausen"]
[BlackTeam "SV Kelsterbach"]

1. Nf3 g6 2. g3 Bg7 3. Bg2 d6 4. O-O Nf6 5. d3 c6 6. c3 Bd7 7. h3 Qc8 8. Kh2 h5
9. Bg5 Nh7 10. h4 Bg4 11. Nbd2 Nd7 12. d4 f6 13. Be3 Nb6 14. c4 Qd7 15. a4 Qf5
16. a5 Nd7 17. Ng1 g5 18. f3 gxh4 19. gxh4 Qg6 20. fxg4 hxg4 21. Bf4 f5 22. e4
Qh5 23. Bg3 Rf8 24. Rxf5 Rxf5 25. exf5 Bxd4 26. Ne2 Be5 27. Qe1 Qxf5 28. Be4
Bxg3+ 29. Qxg3 Qh5 30. Nf4 Qh6 31. Qxg4 O-O-O 32. Nf3 Nhf6 33. Qg5 Rg8 34. Qxh6
Ng4+ 35. Kh1 Nxh6 36. Ng6 Rg7 37. Ng5 Kd8 38. Ne6+ 1-0

[Event "Sparkassen-Open B"]
[Site "Heusenstamm, Martinsee"]
[Date "2016.11.27"]
[Round "5.8"]
[White "Riemann, Jonas"]
[Black "Baranyai-Molnar, Adam-Kristof"]
[Result "1/2-1/2"]
[WhiteElo "1527"]
[BlackElo "1663"]
[PlyCount "113"]
[EventDate "2016.??.??"]
[WhiteTeam "SK Bickenbach"]
[BlackTeam "SF Neuberg"]

1. e4 c5 2. Nf3 e6 3. d4 cxd4 4. Nxd4 a6 5. Nc3 Qc7 6. Bd3 Nc6 7. Be3 Be7 8.
O-O Nf6 9. Qe2 O-O 10. f4 d6 11. Kh1 b6 12. Rae1 Bb7 13. Nxc6 Bxc6 14. Bd2 Bb7
15. e5 Nd7 16. exd6 Bxd6 17. Qh5 Nf6 18. Qh3 Rfe8 19. Be3 Bc5 20. Na4 Bxe3 21.
Rxe3 h6 22. Rg3 Kh8 23. Nc3 Rad8 24. Ne2 Be4 25. Nc3 Bxd3 26. Rxd3 Nd5 27. Nxd5
Rxd5 28. Rxd5 exd5 29. Qd3 Qc4 30. Qxc4 dxc4 31. Kg1 Rd8 32. Rf2 f5 33. Re2 Rd6
34. Kf2 Kg8 35. Ke3 Kf7 36. Rd2 Rc6 37. c3 Ke7 38. Rd4 b5 39. Kd2 Kf6 40. Ke3
g5 41. Kf3 h5 42. h3 g4+ 43. Kf2 Ke6 44. Ke3 Rc5 45. Kd2 Rd5 46. Ke3 Kd6 47. a4
Kc5 48. Rxd5+ Kxd5 49. axb5 axb5 50. hxg4 hxg4 51. g3 Kc6 52. Kd2 Kd5 53. Ke3
Kc5 54. Kd2 b4 55. Ke3 bxc3 56. bxc3 Kd5 57. Kd2 1/2-1/2

[Event "Sparkassen-Open B"]
[Site "Heusenstamm, Martinsee"]
[Date "2016.11.27"]
[Round "5.9"]
[White "Schneider, Udo"]
[Black "Haack, Kevin"]
[Result "1/2-1/2"]
[WhiteElo "1762"]
[BlackElo "1644"]
[PlyCount "88"]
[EventDate "2016.??.??"]
[WhiteTeam "SK Marburg"]
[BlackTeam "SC Sulzbach"]

1. d4 d5 2. c4 e6 3. Nf3 Nf6 4. a3 Be7 5. Bf4 O-O 6. Nc3 a6 7. e3 Nbd7 8. Rc1
dxc4 9. Bxc4 b5 10. Bd3 Bb7 11. O-O Nb6 12. Nxb5 Nbd5 13. Nc3 Nxc3 14. Rxc3 Nd5
15. Rc1 Nxf4 16. exf4 Bxf3 17. Qxf3 Qxd4 18. Rxc7 Bd6 19. Rd7 Qxf4 20. Qxf4
Bxf4 21. Rd1 g6 22. g3 Be5 23. b4 Bc3 24. Be4 Rab8 25. Bb7 Bb2 26. Bxa6 Bxa3
27. b5 Bc5 28. Rc7 Bb6 29. Rc6 Rfd8 30. Rdd6 Rxd6 31. Rxd6 Kf8 32. Rc6 Ke7 33.
Kf1 Ba5 34. Ke2 Bb6 35. f3 Ba5 36. Ke3 Bb6+ 37. Ke4 Ba5 38. Rc8 Rxc8 39. Bxc8
Bb6 40. Kd3 h5 41. h3 Bf2 42. g4 hxg4 43. hxg4 Bb6 44. Bb7 f5 1/2-1/2

[Event "Sparkassen-Open B"]
[Site "Heusenstamm, Martinsee"]
[Date "2016.11.27"]
[Round "5.10"]
[White "Künitz, Klaus"]
[Black "Hofmann, Werner"]
[Result "1-0"]
[WhiteElo "1757"]
[BlackElo "1626"]
[PlyCount "133"]
[EventDate "2016.??.??"]
[WhiteTeam "TSV Schott Mainz"]
[BlackTeam "SV Kelsterbach"]

1. d4 f5 2. c4 Nf6 3. Nc3 e6 4. Nf3 c6 5. g3 d5 6. cxd5 cxd5 7. Bg5 Be7 8. e3
O-O 9. Rc1 Ne4 10. Bxe7 Qxe7 11. h4 Nd7 12. Be2 Ndf6 13. Ne5 Bd7 14. O-O Rfc8
15. Nxe4 Nxe4 16. Bd3 Rxc1 17. Qxc1 Rc8 18. Qd1 Be8 19. Bxe4 fxe4 20. Qd2 Qc7
21. Qb4 a5 22. Qb3 b5 23. Qd1 b4 24. Qg4 Qe7 25. f3 Bb5 26. Rf2 exf3 27. Qxf3
Rf8 28. Qxf8+ Qxf8 29. Rxf8+ Kxf8 30. Kf2 a4 31. a3 bxa3 32. bxa3 Ke7 33. Kf3
Kf6 34. Kf4 h5 35. g4 g6 36. g5+ Kg7 37. Nf3 Kf7 38. Ke5 Ke7 39. Nd2 Bd3 40.
Kf4 Kd6 41. Nf3 Bb5 42. Ne5 Be8 43. Kf3 Kc7 44. Ke2 Kb6 45. Kd2 Kb5 46. Kc3 Ka5
47. Nd3 Kb5 48. Nc5 Bf7 49. Kd3 Bg8 50. e4 Bf7 51. exd5 exd5 52. Kc3 Be8 53.
Ne6 Ka5 54. Nf4 Bf7 55. Nd3 Kb5 56. Ne5 Be8 57. Kd3 Ka5 58. Ke3 Kb6 59. Kf4 Kc7
60. Nxg6 Bxg6 61. Ke5 Kd7 62. Kf6 Be8 63. g6 Bxg6 64. Kxg6 Ke6 65. Kg5 Ke7 66.
Kxh5 Kf6 67. Kg4 1-0

[Event "Sparkassen-Open B"]
[Site "Heusenstamm, Martinsee"]
[Date "2016.11.27"]
[Round "5.11"]
[White "Bayer, Melissa"]
[Black "Hauk, Roland"]
[Result "0-1"]
[WhiteElo "1552"]
[BlackElo "1739"]
[PlyCount "112"]
[EventDate "2016.??.??"]
[WhiteTeam "SK Gründau"]
[BlackTeam "SK Endingen"]

1. e4 c5 2. Nf3 a6 3. d4 cxd4 4. Nxd4 Nf6 5. Nc3 e5 6. Nf3 Nc6 7. a3 Bc5 8. Bc4
O-O 9. O-O b5 10. Ba2 Bb7 11. Bg5 Be7 12. Qd2 h6 13. Bh4 Nxe4 14. Nxe4 Bxh4 15.
Nxh4 Qxh4 16. Nc5 Bc8 17. Rad1 Ra7 18. Rfe1 Qf6 19. Qd6 Qf5 20. Rd2 Re8 21. Bd5
Qg5 22. Ne4 Qf5 23. Bxc6 dxc6 24. Qxc6 Bd7 25. Qd6 Be6 26. Nc5 Bc8 27. Rde2
Rae7 28. Nxa6 Re6 29. Qc5 Bxa6 30. Qb4 Rc8 31. c3 Rc4 32. Qb3 Qg5 33. Qc2 Bb7
34. f3 Bxf3 35. Re3 Bc6 36. Qf2 Rf4 37. Qd2 Rg6 38. R1e2 e4 39. Qe1 Qf6 40. Rf2
Bd5 41. Rxf4 Qxf4 42. Qf2 Qxf2+ 43. Kxf2 f5 44. g3 Rf6 45. Re2 Re6 46. Ke3 Bc4
47. Rd2 Bd3 48. Rd1 Kf7 49. Re1 Kf6 50. h4 Ke5 51. Rd1 g5 52. hxg5 hxg5 53. Re1
Rh6 54. b3 Rh2 55. c4 f4+ 56. gxf4+ gxf4# 0-1

[Event "Sparkassen-Open B"]
[Site "Heusenstamm, Martinsee"]
[Date "2016.11.27"]
[Round "5.12"]
[White "Kirchner, Stefan"]
[Black "Mügendt, Brian Christopher"]
[Result "0-1"]
[WhiteElo "1509"]
[BlackElo "1720"]
[PlyCount "132"]
[EventDate "2016.??.??"]
[WhiteTeam "SF Schöneck"]
[BlackTeam "SC Heusenstamm"]

1. e4 c5 2. Nf3 d6 3. d4 cxd4 4. Nxd4 Nf6 5. f3 g6 6. c4 Bg7 7. Be3 O-O 8. Be2
Nc6 9. Nc3 Bd7 10. a3 e6 11. Ndb5 Ne8 12. Nxd6 Nxd6 13. Qxd6 Be5 14. Qd2 Qb8
15. f4 Bf6 16. O-O Rd8 17. Qc2 Nd4 18. Qd1 Nxe2+ 19. Qxe2 Bc6 20. e5 Be7 21. b4
a6 22. Bb6 Rd7 23. Rfd1 Rxd1+ 24. Rxd1 Qf8 25. Qd3 Rc8 26. Rd2 Qe8 27. Nd1 Ba4
28. Nb2 Bc6 29. Qd4 Qf8 30. c5 Bd5 31. g3 Qh6 32. h4 Bxh4 33. Rh2 g5 34. Nd3
Qh5 35. Nf2 Qe2 36. Qd1 Qxd1+ 37. Nxd1 Bxg3 38. Rh3 Bxf4 39. Kf2 Bxe5 40. Ke2
Bc4+ 41. Kf2 g4 42. Rh4 g3+ 43. Kg1 Bd5 44. Ne3 f5 45. Nxd5 exd5 46. Rh5 Rf8
47. Rg5+ Kh8 48. c6 bxc6 49. Bc5 Rf7 50. Kg2 h6 51. Rg6 Rf6 52. Rxf6 Bxf6 53.
Kxg3 Be5+ 54. Kf3 Kg7 55. a4 h5 56. a5 Kg6 57. Be7 f4 58. Kg2 Kf5 59. Kf3 d4
60. Bh4 d3 61. Be1 Bf6 62. Bd2 Bg5 63. Be1 h4 64. Bd2 h3 65. Be1 Bh4 66. Bd2 h2
0-1

[Event "Sparkassen-Open B"]
[Site "Heusenstamm, Martinsee"]
[Date "2016.11.27"]
[Round "5.14"]
[White "Bahr, Arne"]
[Black "Senatov, Boris"]
[Result "0-1"]
[WhiteElo "1702"]
[BlackElo "1404"]
[PlyCount "48"]
[EventDate "2016.??.??"]
[WhiteTeam "SG Turm Kiel"]
[BlackTeam "SC Heusenstamm"]

1. f4 d5 2. b3 e6 3. Bb2 Nf6 4. e3 Be7 5. Nf3 O-O 6. Bd3 c5 7. Nc3 Nc6 8. Ne5
Nxe5 9. fxe5 Nd7 10. O-O g6 11. Nb5 f6 12. Qg4 Nxe5 13. Bxe5 fxe5 14. Bxg6 hxg6
15. Qxg6+ Kh8 16. Rxf8+ Bxf8 17. Rf1 Bg7 18. Rf7 Qg8 19. Nd6 Qh7 20. Qg5 Qg8
21. Rc7 Qf8 22. Ne8 Bd7 23. Qh5+ Kg8 24. Nxg7 Qxg7 $138 0-1

[Event "Sparkassen-Open B"]
[Site "Heusenstamm, Martinsee"]
[Date "2016.11.27"]
[Round "5.15"]
[White "Gade, Bernt"]
[Black "Hambel, Christoph"]
[Result "0-1"]
[WhiteElo "1259"]
[BlackElo "1671"]
[PlyCount "54"]
[EventDate "2016.??.??"]
[WhiteTeam "FV Berkersheim"]
[BlackTeam "Bad Vilbeler Sfr"]

1. e4 c6 2. d4 d5 3. Nc3 dxe4 4. Nxe4 Bf5 5. Ng3 Bg6 6. Nf3 Nf6 7. h4 h6 8. h5
Bh7 9. Bd3 Bxd3 10. Qxd3 Nbd7 11. Bf4 e6 12. O-O-O Nd5 13. Bd2 Bd6 14. Ne2 N7f6
15. Ne5 Qc7 16. f4 O-O-O 17. Rdg1 c5 18. c3 cxd4 19. Nxd4 Nb4 20. Qc4 Bxe5 21.
Qxb4 Bxd4 22. Re1 Bc5 23. Qb3 Rd7 24. Re2 Rhd8 25. Kc2 Ne4 26. Be1 Qxf4 27. Rh4
Rd2+ 0-1

[Event "Sparkassen-Open B"]
[Site "Heusenstamm, Martinsee"]
[Date "2016.11.27"]
[Round "5.16"]
[White "Schäfer, Gerhard"]
[Black "Kellner, Günter"]
[Result "0-1"]
[WhiteElo "1648"]
[BlackElo "1587"]
[PlyCount "100"]
[EventDate "2016.??.??"]
[WhiteTeam "SK Hofgeismar"]
[BlackTeam "Obertshausen"]

1. d4 d5 2. c4 c6 3. e3 e6 4. Nf3 Nd7 5. Bd3 dxc4 6. Bxc4 Nb6 7. Bd3 Bb4+ 8.
Bd2 Bxd2+ 9. Qxd2 Nf6 10. Nc3 O-O 11. O-O Nfd5 12. Qc2 g6 13. a3 f5 14. Ne5
Nxc3 15. Qxc3 Nd7 16. Rfd1 Nxe5 17. dxe5 Qe7 18. Rac1 Bd7 19. Qc5 Kf7 20. Be2
Rfd8 21. Rd6 Be8 22. Rcd1 Rxd6 23. Qxd6 Qxd6 24. exd6 Rd8 25. Bc4 c5 26. f3 Bc6
27. b4 b5 28. Bb3 c4 29. Bc2 e5 30. Kf2 Ke6 31. Ke2 Rxd6 32. Rxd6+ Kxd6 33. Kd2
Kd5 34. Kc3 h5 35. h4 Ke6 36. Bd1 Kf6 37. g3 a6 38. Be2 Bb7 39. Bd1 g5 40. f4
g4 41. Bc2 Be4 42. Bd1 Ke6 43. Kd2 Kd5 44. Kc3 Bd3 45. Kd2 exf4 46. exf4 Ke4
47. a4 Kd4 48. axb5 axb5 49. Be2 Bxe2 50. Kxe2 c3 0-1

[Event "Sparkassen-Open B"]
[Site "Heusenstamm, Martinsee"]
[Date "2016.11.27"]
[Round "5.17"]
[White "Schlömer, Andreas"]
[Black "Urbach, Jens"]
[Result "1-0"]
[WhiteElo "1756"]
[BlackElo "1599"]
[PlyCount "104"]
[EventDate "2016.??.??"]
[WhiteTeam "SK Upland Willingen"]
[BlackTeam "SF Frankfurt"]

1. c4 e5 2. g3 Nf6 3. Bg2 d5 4. cxd5 Nxd5 5. Nc3 Nxc3 6. bxc3 Bd6 7. d3 O-O 8.
Nf3 c6 9. O-O Na6 10. Qc2 Bf5 11. Rb1 Rb8 12. Be3 Nc5 13. Bxc5 Bxc5 14. Nxe5
Re8 15. Nf3 Qe7 16. Rfe1 Bb6 17. Nh4 Qc5 18. e3 Rbd8 19. Nxf5 Qxf5 20. Be4 Qe5
21. Bg2 Re6 22. d4 Qh5 23. Qe2 Qa5 24. Qd2 Re7 25. Qb2 g6 26. Qb4 Qg5 27. e4 c5
28. Qb5 Rc7 29. a4 Rc6 30. d5 Rcd6 31. a5 a6 32. Qa4 Bc7 33. Rxb7 Qd2 34. Qa1
Rc8 35. Rd1 Qc2 36. Rbb1 Rf6 37. Rf1 Be5 38. Rbc1 Qb3 39. Rfe1 Rb8 40. Rb1 Qc2
41. Rxb8+ Bxb8 42. f4 Rd6 43. e5 Rd8 44. d6 Ba7 45. Kh1 c4 46. h3 Bf2 47. Rc1
Qd3 48. g4 Qe3 49. Rf1 Qxf4 50. Qb2 Qxe5 51. Qxf2 Rxd6 52. Qxf7+ Kh8 1-0

[Event "Sparkassen-Open B"]
[Site "Heusenstamm, Martinsee"]
[Date "2016.11.27"]
[Round "5.18"]
[White "Mayer, Rolf"]
[Black "Füssel, Jan Michael"]
[Result "0-1"]
[WhiteElo "1504"]
[BlackElo "1754"]
[PlyCount "60"]
[EventDate "2016.??.??"]
[WhiteTeam "SC Flörsheim"]
[BlackTeam "VSG Offenbach"]

1. d4 d5 2. Nf3 Nf6 3. Bf4 Bf5 4. e3 e6 5. Bd3 Bxd3 6. Qxd3 c6 7. h3 Bd6 8.
Bxd6 Qxd6 9. Nbd2 Qb4 10. Qb3 Na6 11. c3 Qxb3 12. axb3 O-O 13. O-O c5 14. Rfc1
Rfc8 15. Ne5 Rc7 16. Rc2 Rac8 17. Rac1 cxd4 18. Ra1 dxc3 19. bxc3 Rxc3 20. Rxc3
Rxc3 21. g4 Rc2 22. Nef3 Ne8 23. Ra4 Nd6 24. Nf1 Nb5 25. Ng3 Nc5 26. Rb4 a6 27.
Nd4 Rc1+ 28. Kg2 Nd3 29. Ra4 Nxd4 30. Rxd4 Ne1+ 0-1

[Event "Sparkassen-Open B"]
[Site "Heusenstamm, Martinsee"]
[Date "2016.11.27"]
[Round "5.19"]
[White "Hübner, Kai"]
[Black "Tiggemann, Felix"]
[Result "1-0"]
[WhiteElo "1734"]
[BlackElo "1448"]
[PlyCount "69"]
[EventDate "2016.??.??"]
[WhiteTeam "SC Flörsheim"]
[BlackTeam "SF Schöneck"]

1. d4 d5 2. Bf4 e6 3. Nf3 b6 4. e3 Ba6 5. Bxa6 Nxa6 6. c3 c5 7. Qa4+ Qd7 8.
Qxa6 c4 9. Ne5 Qc8 10. Qa4+ Ke7 11. Nc6+ Ke8 12. Ne5+ Ke7 13. Nd2 h5 14. Ndf3
f6 15. Ng6+ Kd8 16. Nxh8 g5 17. Nf7+ Ke7 18. N7xg5 fxg5 19. Bxg5+ Kf7 20. Ne5+
Kg7 21. Qc2 Qe8 22. O-O Be7 23. f4 h4 24. Rf3 Qh5 25. Raf1 Rf8 26. Qf2 Rf5 27.
Bxe7 Nxe7 28. Rh3 Kf8 29. Rxh4 Qe8 30. Rh8+ Ng8 31. Qg3 Ke7 32. Rxg8 Qa4 33.
Qg7+ Rf7 34. Qxf7+ Kd6 35. Rd8+ 1-0

[Event "Sparkassen-Open B"]
[Site "Heusenstamm, Martinsee"]
[Date "2016.11.27"]
[Round "5.20"]
[White "Ketting, Douwe"]
[Black "Held, Maurice"]
[Result "0-1"]
[WhiteElo "1584"]
[BlackElo "1707"]
[PlyCount "150"]
[EventDate "2016.??.??"]
[WhiteTeam "SC Somborn"]
[BlackTeam "SC Ladja Roßdorf"]

1. b4 Nf6 2. Bb2 b6 3. e3 Bb7 4. Nf3 c5 5. bxc5 bxc5 6. c4 g6 7. Be2 Bg7 8. O-O
O-O 9. d4 cxd4 10. exd4 d5 11. Nbd2 dxc4 12. Bxc4 Bd5 13. Rc1 Nbd7 14. Qe2 Nb6
15. Ba3 Re8 16. Bb5 Nfd7 17. Ne4 a6 18. Bc6 Rc8 19. Bxd5 Nxd5 20. Qxa6 Ra8 21.
Qd3 Qa5 22. Bc5 Qxa2 23. Qc4 Reb8 24. Qxa2 Rxa2 25. Nc3 Nxc3 26. Rxc3 Rc8 27.
Rfc1 Nxc5 28. Rxc5 Rd8 29. d5 Ra6 30. Rc6 Ra5 31. d6 exd6 32. Rd1 d5 33. g3 d4
34. Ne1 Ra3 35. Nd3 Rc3 36. Ra6 Rb8 37. Ra2 Rbb3 38. Rad2 Kf8 39. Kf1 Ke7 40.
Ke2 Kd6 41. Nc1 Ra3 42. Na2 Rcb3 43. Nc1 Rb1 44. Nd3 Rxd1 45. Rxd1 Kd5 46. Rd2
Kc4 47. Rc2+ Rc3 48. Rd2 g5 49. g4 f6 50. Nb2+ Kb3 51. Nd3 Bf8 52. Rb2+ Kc4 53.
Rd2 Bd6 54. h3 Bf4 55. Rd1 Rc2+ 56. Kf1 Kc3 57. Nxf4 gxf4 58. f3 d3 59. h4 Re2
60. g5 fxg5 61. hxg5 Re3 62. Rc1+ Kb2 63. Rc7 d2 64. Rb7+ Kc2 65. Rc7+ Rc3 66.
Rxc3+ Kxc3 67. Ke2 Kc2 68. g6 d1=Q+ 69. Kf2 Qd2+ 70. Kf1 hxg6 71. Kg1 Qe2 72.
Kh1 g5 73. Kg1 g4 74. fxg4 f3 75. Kh1 Qg2# 0-1

[Event "Sparkassen-Open B"]
[Site "Heusenstamm, Martinsee"]
[Date "2016.11.27"]
[Round "5.22"]
[White "Jung, Kenny"]
[Black "Thede, Stefan"]
[Result "0-1"]
[WhiteElo "1501"]
[BlackElo "1646"]
[PlyCount "126"]
[EventDate "2016.??.??"]
[WhiteTeam "SF Schöneck"]
[BlackTeam "SV Frankfurt Nord"]

1. e4 g6 2. Nf3 Bg7 3. Bc4 d6 4. d4 Nf6 5. Nc3 c6 6. O-O b5 7. Bd3 O-O 8. Bf4
Nh5 9. Be3 b4 10. Ne2 a5 11. Rc1 Bg4 12. Nd2 e5 13. f3 exd4 14. Bxd4 Bxd4+ 15.
Nxd4 Bd7 16. Ne2 Be6 17. b3 Nd7 18. c4 Ne5 19. Qc2 Qb6+ 20. c5 dxc5 21. Nc4
Bxc4 22. Bxc4 Rad8 23. h3 Ng7 24. f4 Nxc4 25. Qxc4 Rd2 26. Rf2 Rfd8 27. Qxc5
Qxc5 28. Rxc5 Rxa2 29. Rxc6 Ne6 30. Ng3 Rd1+ 31. Nf1 Rxf2 32. Rc8+ Kg7 33. Kxf2
Nxf4 34. Rc2 Ra1 35. Nd2 Ne6 36. Ke3 a4 37. bxa4 Rxa4 38. Nc4 b3 39. Rc1 Rb4
40. Nb2 Ng5 41. Rc4 Rxc4 42. Nxc4 Ne6 43. g3 Nc5 44. Nb2 Kf6 45. Kd4 Ne6+ 46.
Ke3 Ng5 47. h4 Ne6 48. Nd3 g5 49. Kf3 gxh4 50. gxh4 Nc5 51. Nb2 Kg6 52. Ke3 Kh5
53. Kd4 Ne6+ 54. Ke5 Kxh4 55. Kf6 Ng5 56. e5 h5 57. Nd3 Kg4 58. e6 fxe6 59.
Ne5+ Kf4 60. Nd3+ Ke3 61. Nb2 Ne4+ 62. Kxe6 h4 63. Kd5 Nd2 0-1

[Event "Sparkassen-Open B"]
[Site "Heusenstamm, Martinsee"]
[Date "2016.11.27"]
[Round "5.23"]
[White "Werner, Tom"]
[Black "Gruber, Marcel"]
[Result "1/2-1/2"]
[WhiteElo "1667"]
[BlackElo "1431"]
[PlyCount "81"]
[EventDate "2016.??.??"]
[WhiteTeam "VSG Offenbach"]
[BlackTeam "Vorw.Orient Mainz"]

1. e4 c5 2. Nf3 Nc6 3. d4 cxd4 4. Nxd4 e5 5. Nf3 d6 6. Nc3 Nf6 7. Be2 Be7 8.
O-O h6 9. h3 O-O 10. Be3 Be6 11. Qd2 d5 12. exd5 Nxd5 13. Nxd5 Qxd5 14. Qxd5
Bxd5 15. Rfd1 Be6 16. Bb5 Nb4 17. Nxe5 Nxc2 18. Rac1 Nxe3 19. fxe3 Bg5 20. Re1
Rac8 21. Nd3 Rxc1 22. Nxc1 Rc8 23. Kh2 Bxe3 24. Rxe3 Rxc1 25. a3 Rc2 26. b4 a6
27. Ba4 Rd2 28. Bb3 Bxb3 29. Rxb3 b5 30. a4 bxa4 31. Ra3 Rd4 32. Rxa4 a5 33.
Rxa5 Rxb4 34. Ra8+ Kh7 35. Ra7 Rf4 36. Kg3 g5 37. Kh2 Kg6 38. g3 Rf6 39. Ra8
Re6 40. g4 Re7 41. Kg2 1/2-1/2

[Event "Sparkassen-Open B"]
[Site "Heusenstamm, Martinsee"]
[Date "2016.11.27"]
[Round "5.24"]
[White "Kail, Thomas"]
[Black "Westhof, Benedikt"]
[Result "1/2-1/2"]
[WhiteElo "1658"]
[BlackElo "1364"]
[PlyCount "37"]
[EventDate "2016.??.??"]
[WhiteTeam "SK Klingenberg"]
[BlackTeam "SC Heusenstamm"]

1. e4 e5 2. Nf3 Nf6 3. Nxe5 d6 4. Nf3 Nxe4 5. Qe2 Qe7 6. d3 Nf6 7. Bg5 Nbd7 8.
Nc3 g6 9. O-O-O Qxe2 10. Bxe2 Bg7 11. d4 O-O 12. h3 Nb6 13. g4 Be6 14. Bxf6
Bxf6 15. g5 Bg7 16. h4 Bg4 17. Nh2 Bxe2 18. Nxe2 f6 19. f4 1/2-1/2

[Event "Sparkassen-Open B"]
[Site "Heusenstamm, Martinsee"]
[Date "2016.11.27"]
[Round "5.28"]
[White "Brunner, Andreas"]
[Black "Strate, Wolfgang"]
[Result "0-1"]
[WhiteElo "1413"]
[BlackElo "1637"]
[PlyCount "160"]
[EventDate "2016.??.??"]
[WhiteTeam "FV Berkersheim"]
[BlackTeam "SC Eschbach"]

1. d4 Nf6 2. e3 d5 3. c4 e6 4. Nf3 Bd6 5. Nc3 c6 6. c5 Be7 7. Bd3 Nbd7 8. b4
O-O 9. Qc2 Re8 10. O-O Bf8 11. Ne5 g6 12. f4 Nxe5 13. fxe5 Ng4 14. h3 Nh6 15.
Ne2 Nf5 16. Bxf5 exf5 17. Ng3 Bh6 18. e4 Bxc1 19. Qxc1 dxe4 20. Qh6 Qxd4+ 21.
Kh2 Qxe5 22. Rae1 Qg7 23. Qf4 Be6 24. Qc7 f6 25. Qa5 Red8 26. Ne2 Bc4 27. b5
Bxb5 28. a4 Ba6 29. Qc3 Qe7 30. Rf4 Qe5 31. Qb3+ Kg7 32. g3 Qxc5 33. Qe6 Qe5
34. Qa2 Rd5 35. Qa3 Rad8 36. Rf2 Rd3 37. Qb4 Qd6 38. Qb2 Rd7 39. h4 Qa3 40.
Qxa3 Rxa3 41. Nf4 Rxa4 42. Re3 Bc4 43. Rg2 Ra2 44. Rc3 Rxg2+ 45. Kxg2 Rd2+ 46.
Kg1 b5 47. Ra3 Ra2 48. Rc3 Rd2 49. Ra3 Rd7 50. Ra6 Bd5 51. Kf2 Kf7 52. Ke3 b4
53. Kd2 b3 54. Kc3 Rb7 55. Kb2 Ke7 56. Ra5 Kd6 57. Ne2 Ke5 58. Ra4 c5 59. Ra5
Kd6 60. Ra6+ Ke7 61. Nc3 Bc4 62. Ra4 Bd3 63. Nd1 c4 64. Nc3 Rd7 65. Ra1 e3 66.
Re1 e2 67. Nxe2 Bxe2 68. Rxe2+ Kd6 69. Re1 Kc5 70. Re8 Kd4 71. Rf8 Ke4 72. Rc8
Rd2+ 73. Kb1 Kd3 74. h5 Kc3 75. Rxc4+ Kxc4 76. hxg6 hxg6 77. g4 Kc3 78. Kc1 b2+
79. Kb1 Kb3 80. g5 Rd1# 0-1

[Event "Sparkassen-Open B"]
[Site "Heusenstamm, Martinsee"]
[Date "2016.11.27"]
[Round "5.29"]
[White "Wöhl, Torsten"]
[Black "Herdt, Werner"]
[Result "1-0"]
[WhiteElo "1586"]
[BlackElo "1404"]
[PlyCount "125"]
[EventDate "2016.??.??"]
[WhiteTeam "SC Groß-Zimmern"]
[BlackTeam "SF Heusenstamm"]

1. d4 d5 2. Bf4 Nc6 3. e3 Nf6 4. Nf3 e6 5. h3 a6 6. c3 Bd6 7. Ne5 Bxe5 8. dxe5
Ne4 9. Qg4 Rg8 10. Bd3 Ne7 11. f3 Ng6 12. Bh2 Qh4+ 13. Qxh4 Nxh4 14. fxe4 Nxg2+
15. Kf2 Nh4 16. Nd2 g5 17. Rhg1 h6 18. c4 c6 19. Bg3 Ng6 20. Nf3 dxc4 21. Bxc4
b5 22. Bd3 c5 23. Rac1 c4 24. Bb1 Bb7 25. Rgd1 Ke7 26. Rd4 Rgd8 27. Rcd1 Nf8
28. Ng1 Rxd4 29. Rxd4 Rc8 30. Ne2 b4 31. h4 a5 32. hxg5 hxg5 33. Kf3 c3 34.
bxc3 bxc3 35. Bc2 Ba6 36. Be1 Bxe2+ 37. Kxe2 Nd7 38. Bg3 Rc5 39. Kd3 Nxe5+ 40.
Bxe5 Rxe5 41. Kxc3 g4 42. Rd1 f5 43. Kd4 Kf6 44. exf5 exf5 45. Rf1 Ke6 46. Rh1
Rd5+ 47. Kc4 Rd2 48. Kc3 Rf2 49. Bb3+ Ke5 50. Rh6 f4 51. Rh5+ Kf6 52. exf4 Rxf4
53. Rxa5 Rf3+ 54. Kd4 g3 55. Ra6+ Kg5 56. Bc2 Kh4 57. Rh6+ Kg5 58. Rg6+ Kh4 59.
Be4 Ra3 60. Bd5 Kh5 61. Rg8 Ra4+ 62. Ke3 Ra3+ 63. Kf4 1-0